00325nam a2200121Ia 4500008004100000041000800041082001200049100001400061245004500075260004500120300003100165365000700196240624s9999 xx 000 0 und d aeng a954 NAN aNANDA B R aTHREE STATESMEN GOKHALE GANDHI AND NEHRU c2006aNew DelhibOxford University press avi, : 1104 : p. : cm. ; 22 cRS